| 000 | 01676nam a2200349 i 4500 | ||
|---|---|---|---|
| 001 | 17714 | ||
| 003 | ES-MaACL | ||
| 005 | 20240613163738.0 | ||
| 007 | t| | ||
| 008 | 010509s1999 sp ||||1| spa d | ||
| 020 | _a84-7719-776-8 | ||
| 080 | _a615.322(035.3)"14" | ||
| 245 | 0 | 0 |
_aHortus sanitatis, De herbis (1) _b: = (El jardín de la salud, Las hierbas (1) / _cpresentación Antonio Viñayo González ; traducción Hipólito Benjamín Riesco Alvarez. |
| 250 | _aEdición facsímil del ejemplar rarísimo de la Real Colegiata de San Isidoro de León. | ||
| 260 |
_aLeón : _bUniversidad de León, Secretariado de Publicaciones : _bCátedra de San Isidoro de la Real Colegiata de León, _c1999. |
||
| 300 |
_a261 p. : _bil. ; _c30 cm. |
||
| 500 | _aTit. orig. completo del ejemp. isidoriano: Hortus sanitatis, sive Tractatus herbarum, lapidum, animalium et caeterarum creaturarum, etiam describentes ipsarum virtutem. | ||
| 505 | 0 | _aContiene el capítulo 1 de dicha obra, que también se conoce con el tít.: Tractatus de herbis | |
| 534 |
_pReprod. facs. de la ed. de: _c-- Estrasburgo : Juan Pruess, [ca. 1497] |
||
| 650 | 1 | 4 |
_aPlantas medicinales- _vObras anteriores a 1800. _916123 |
| 655 | 7 |
_2tgfbne _9226495 _aFacsímiles |
|
| 700 | 1 |
_aViñayo González, Antonio. _9115388 |
|
| 700 | 1 |
_aMartínez Rodríguez, José Manuel. _978373 |
|
| 700 | 1 |
_aRiesco Álvarez, Hipólito-Benjamín. _9138644 |
|
| 710 | 2 |
_aUniversidad de León. _97200 |
|
| 710 | 2 |
_aReal Colegiata de San Isidoro de León. _9151106 |
|
| 740 | 0 | _aDe herbis. | |
| 740 | 3 | _aEl jardín de la salud. | |
| 852 |
_aES-MaACL _jA-272 _bR.130107 |
||
| 942 | _2udc | ||
| 999 |
_c17714 _d17714 |
||